000
00310nam a2200133Ia 4500
008
260604s9999 xx 000 0 und d
020
_a
9781324087182
082
_a
658.4 DIX
100
_a
Avinash dixit
_9
35765
245
0
_a
Games of Strategy 6/e {ISE}
260
_b
NORTAN
500
_a
Strategy
942
_c
BK
999
_c
8594
_d
8594